Game of Thrones - Retrouvez les maisons - Statistiques

Statistiques générales
  • Ce quiz a été pris 354 fois
  • Le résultat moyen est 10 sur 17
Statistiques - réponses
Par images Réponse % Correct
Maison Baratheon
97%
Maison Stark
95%
Maison Lannister
94%
Maison Targaryen
92%
Maison Greyjoy
84%
Maison Tully
78%
Maison Tyrell
74%
Maison Martell
70%
Maison Arryn
69%
Maison Frey
67%
Maison Mormont
63%
Maison Baelish
37%
Maison Tarly
33%
Maison Clegane
31%
Garde de nuit
23%
Maison Baratheon de Peyredragon
6%
Maison de Bronn
6%
Aucun quiz correspondant
Distribution des résultats
% des personnes avec chaque résultat
Percentile par nombre de réponses
Votre historique - résultats
Vous n’avez pas pris ce quiz